| 000 | 01137naa a22003017a 4500 | ||
|---|---|---|---|
| 001 | BR9605498 | ||
| 003 | BR-BrBNA | ||
| 005 | 20240918181656.0 | ||
| 007 | ta | ||
| 008 | 230509b bl.||||| |||| 00| 0 por d | ||
| 040 |
_aBR-BrBNA _bpor _cBiblioteca Nacional de Agricultura |
||
| 041 | _a(Pt) | ||
| 072 |
_aH60 _b2120 |
||
| 090 | _aH60 BR9605498 | ||
| 100 | 1 | _aSiqueira, R. | |
| 100 | 1 | _aCasao Junior, R. | |
| 100 | 1 | _aYamaska, R.S. | |
| 111 | 1 |
_a12. Congresso Brasileiro de Pesquisas Cafeeiras _cCaxambu, MG (Brazil) _d28-31 Oct 1985 |
|
| 245 | 1 | _aAvaliacao de metodos mecanicos no controle de plantas daninhas em cafezal adensado | |
| 260 | 3 |
_aRio de Janeiro, RJ (Brasil): _c1985. |
|
| 500 | _a12. Congresso Brasileiro de Pesquisas Cafeeiras. Trabalhos apresentados Rio de Janeiro, RJ (Brasil): 1985. p. 54-56 (BR9605498-AM)H60 | ||
| 650 | _aCafe | ||
| 650 | _aErva Daninha | ||
| 650 | _aControle Mecanico | ||
| 773 | 0 |
_t12. Congresso Brasileiro de Pesquisas Cafeeiras. Trabalhos apresentados _wH60 BR9605498 _gRio de Janeiro, RJ (Brasil), 1985. p. 54-56 |
|
| 909 |
_a202404 _bLucia _c55 _dLucia Elande |
||
| 942 |
_cAM _2AGRIS |
||
| 999 |
_c326373 _d326373 |
||